00311nam a2200121Ia 4500008004100000041000800041082001400049100001600063245002500079260004900104300003100153365000500184240624s9999 xx 000 0 und d aeng a658.3 ULR aULRICH DAVE aHR VALUE PROPOSITION c2005aBostonbHarvard Businesss School Press axii, : 316 : p. : cm. ; 23 c